000 004280000a22001690004500
003 MACL
005 20150707133113.0
008 150707b xxu||||| |||| 00| 0 eng d
040 _aMACL
_cMACL
041 _aEnglish
100 _aSingh, Amrendra Kumar
_91099
245 _aDiscrimination Amongst Harijans
260 _bSunrise Publications
_c2005
_aNew Delhi
350 _a500
650 _aSociology
_919
942 _cBK
_k307
_2ddc
999 _c8315
_d8315